000 00782nab a2200241 u 4500
001 10890
003 HDC
007 cr bn ---aaaaa
008 210206c mydr|nes 0 a eng d
040 _aHDC
245 0 _aGulfood 2015: World's biggest Food Trade Show opens
260 _a[no place] :
_b[publisher not identified],
_c[no year]
336 _atext
_2rdacontent
337 _acomputer
_2rdamedia
338 _aonline resource
_2rdacarrier
650 _aFood trade
_911146
650 _aHalal industry
_9144
710 _aAl Bawaba
856 _zRequest full-text at [email protected]
942 _2lcc
942 _cNEWS
942 _kNWSO 000243
999 _c8213
_d8213